000 00570nam a2200181 4500
001 108929
003 ES-MaACL
005 20250913153957.0
007 t|
008 061121s1962 sp r ||||1| spa d
100 1 _aMoore, Edward Robert.
_982808
245 1 3 _aUn sacerdote en Broadway /
_cEdward Robert Moore ; traducción de Felipe Ximénez de Sandoval.
260 _aMadrid :
_bStudium,
_c[1962]
300 _a275 p. ;
_c21 cm.
700 1 _aXiménez de Sandoval, Felipe,
_d1903-1978
_9117510
852 _aES-MaACL
_jC-23512
_bR.51645
999 _c108929
_d108929